Statistics for Albums by Cover Art - Metalcore

Click here to take the quiz!

General Stats

  • This quiz has been taken 66 times
  • The average score is 8 of 16

Answer Stats

Answer% Correct
Avenged Sevenfold - Waking the Fallen
92%
Bring Me the Horizon - Sempiternal
90%
Bad Omens - The Death of Peace of Mind
75%
Bullet for My Valentine - The Poison
68%
Asking Alexandria - Stand Up and Scream
60%
Architects - All Our Gods Have Abandoned Us
58%
Parkway Drive - Horizons
57%
I Prevail - TRAUMA
55%
Killswitch Engage - The End of Heartache
53%
As I Lay Dying - An Ocean Between Us
43%
August Burns Red - Constellations
40%
Trivium - The Sin and the Sentence
40%
The Devil Wears Prada - With Roots Above and Branches Below
38%
Underoath - Define the Great Line
25%
Atreyu - A Death-Grip on Yesterday
22%
blessthefall - Witness
18%

Score Distribution

Percentile by Number Answered

Percent of People with Each Score

Your Score History

You have not taken this quiz